Schnelle Mathematik - Multiplikation zur Basis 8 Level 05 - Statistiken

Allgemein
  • Dieses Quiz wurde 35 mal gespielt
  • Das Durchschnittsergebnis liegt bei 12 aus 20
Antwortstatistiken
Frage Antwort % Korrekt
0⋅1 0
100%
0⋅2 0
100%
7⋅0 0
100%
1⋅1 1
100%
5⋅3 17
100%
3⋅7 25
100%
3⋅1 3
100%
6⋅4 30
100%
7⋅4 34
100%
1⋅4 4
100%
7⋅5 43
100%
1⋅6 6
100%
2⋅3 6
100%
3⋅2 6
100%
7⋅1 7
100%
0⋅3 0
80%
0⋅6 0
80%
0⋅7 0
80%
1⋅0 0
80%
3⋅0 0
80%
2⋅2 4
80%
1⋅3 3
75%
5⋅1 5
75%
2⋅0 0
67%
3⋅4 14
67%
2⋅7 16
67%
3⋅5 17
67%
3⋅6 22
67%
5⋅4 24
67%
7⋅3 25
67%
6⋅5 36
67%
6⋅1 6
67%
4⋅3 14
60%
4⋅7 34
60%
5⋅7 43
60%
0⋅0 0
50%
0⋅4 0
50%
0⋅5 0
50%
4⋅0 0
50%
6⋅2 14
50%
2⋅1 2
50%
7⋅2 16
40%
3⋅3 11
33%
2⋅6 14
33%
4⋅4 20
33%
4⋅6 30
33%
5⋅5 31
33%
5⋅6 36
33%
4⋅1 4
33%
6⋅6 44
33%
6⋅7 52
33%
7⋅6 52
33%
7⋅7 61
33%
1⋅7 7
33%
6⋅0 0
25%
5⋅2 12
25%
4⋅5 24
25%
4⋅2 10
20%
5⋅0 0
0%
2⋅4 10
0%
2⋅5 12
0%
1⋅2 2
0%
6⋅3 22
0%
1⋅5 5
0%
Keine übereinstimmenden Quizze gefunden
Verteilung der Resultate
Anzahl Personen mit jedem Resultat
Perzentil nach korrekt beantworteten Fragen
Ihre Resultats-Entwicklung
Sie haben dieses Quiz noch nicht gespielt